Alle Pokémon, die weniger als 1 kg wiegen - Statistiken

Allgemein
  • Dieses Quiz wurde 28 mal gespielt
  • Das Durchschnittsergebnis liegt bei 10 aus 46
Antwortstatistiken
Gewicht
Typ Pokémon % Korrekt
100 g 👻☠️ Nebulak
92%
100 g 👻☠️ Alpollo
85%
1 kg 👻 Traunfugil
54%
100 g 🧚🏻‍♂️ Flabébé
46%
1 kg ⚪🧚🏻‍♂️ Fluffeluff
46%
300 g ⚡👻 Rotom
46%
500 g 🌿🐉 Knapfel
38%
200 g 🪲🧚🏻‍♂️ Wommel
38%
1 kg 🌿🐉 Drapfel
31%
900 g 🧚🏻‍♂️ Floette
31%
500 g 🌿🪽 Hoppspross
31%
300 g 💧 Lusardin
31%
600 g 🪲⚡ Wattzapf
31%
600 g 🌿🧚🏻‍♂️ Waumboll
31%
500 g 🪲🧚🏻‍♂️ Bandelby
23%
800 g 🟤 Digda
23%
1 kg 🌿🪽 Hubelupf
23%
100 g 🌿⛓️ Katagami
23%
700 g 👻🧚🏻‍♂️ Mimigma
23%
100 g 🌀 Cosmog
15%
300 g 🧚🏻‍♂️ Curelei
15%
800 g Formeo
15%
600 g 🌀 Klingplim
15%
1 kg 🪲 Micrick
15%
1 kg 🌀 Monozyto
15%
1 kg 🌀 Palimpalim
15%
500 g 🧚🏻‍♂️ Parfi
15%
1 kg 🔥🪲 Thermopod
15%
400 g Blipp
8%
1 kg Britzigel
8%
400 g 👻 Gorgasonn
8%
1 kg 🪲 Relluk
8%
300 g 🌀 Selfe
8%
1 kg ☠️ Smogon
8%
700 g ☠️⚪ Sproxy
8%
300 g 🌀 Tobutz
8%
300 g 🌀 Vesprit
8%
200 g 👻 Fatalitee
0%
300 g 🧚🏻‍♂️ Hokumil
0%
300 g ☠️👻 Infamomo
0%
400 g 👻 Mortipod
0%
1 kg 💧 Pikuda
0%
500 g 🧚🏻‍♂️ Pokusan
0%
1 kg 🌿☠️ Tarnpignon
0%
600 g 🌿👻 Weherba
0%
300 g Zapplardin
0%
Keine übereinstimmenden Quizze gefunden
Verteilung der Resultate
Anzahl Personen mit jedem Resultat
Perzentil nach korrekt beantworteten Fragen
Ihre Resultats-Entwicklung
Sie haben dieses Quiz noch nicht gespielt